Assessing Student Learning : A Common Sense Guide

Salvato in:
Dettagli Bibliografici
Autore principale: Suskie, Linda (Autore)
Natura: Libro
Lingua:inglese
Pubblicazione: San Francisco : Jossey-Bass, 2009
Edizione:2nd Ed.
Soggetti:
Tags: Aggiungi Tag
Nessun Tag, puoi essere il primo ad aggiungerne!!

MARC

LEADER 00000nam a22000003a 4500
001 stu262193
005 20150617225601.6
008 130205s2009----xxu-----------------eng-d
020 |a 978-0-470-28964-8 
040 |a STU  |b slo 
041 0 |a eng 
044 |a xxu 
100 1 |a Suskie, Linda  |4 aut 
245 1 |a Assessing Student Learning :  |b A Common Sense Guide 
250 |a 2nd Ed. 
260 |a San Francisco :  |b Jossey-Bass,  |c 2009 
300 |a 342 s 
650 7 |a hodnotenie študentov  |2 stusub 
996 |b 284M084762  |c M*13372-1  |l MMKN  |s A  |a 24  |w stu262193_0001